Rozhodovacia analýza pre manažérov

Salvato in:
Dettagli Bibliografici
Autore principale: Varcholová, Tatiana
Ente Autore: Ekonomická univerzita v Bratislave. Podnikovohospodárska fakulta so sídlom v Košiciach
Natura: Libro
Lingua:slovacco
Pubblicazione: Bratislava Vydavateľstvo EKONÓM 2000
Soggetti:
Tags: Aggiungi Tag
Nessun Tag, puoi essere il primo ad aggiungerne!!

MARC

LEADER 00000nam a2200000 4500
001 c121936
005 20221123133425.6
020 |a 80-225-1284-2 
041 0 |a slo 
044 |a SK 
245 1 0 |a Rozhodovacia analýza pre manažérov  |c Tatiana Varcholová 
264 1 |a Bratislava  |b Vydavateľstvo EKONÓM  |c 2000 
300 |a 205 s. 
610 2 0 |a rozhodovanie 
610 2 0 |a analýza rozhodovacia 
610 2 0 |a riziko 
610 2 0 |a pravdepodobnosť 
610 2 0 |a rozhodovanie manažérske 
610 2 0 |a rozhodovanie za rizika 
100 1 |a Varcholová, Tatiana 
710 2 |a Ekonomická univerzita v Bratislave. Podnikovohospodárska fakulta so sídlom v Košiciach